| 000 | 00408nam a2200157Ia 4500 | ||
|---|---|---|---|
| 008 | 230524s9999 xx 000 0 und d | ||
| 082 |
_a621.382 _bNAT |
||
| 100 | _aV.C.Natesan | ||
| 245 | 0 | _aParker Smith's 458 Solutions in Electrical Engineering Part II | |
| 250 | _a1ST | ||
| 260 |
_aNEW DELHI _bCBS _c2002 |
||
| 300 | _aVIII;456 | ||
| 500 | _aQuantity Number: 5 | ||
| 650 | _aElectrical | ||
| 942 | _cBK | ||
| 999 |
_c19733 _d19733 |
||